| 000 | 01443nam2a2200265 4500 | ||
|---|---|---|---|
| 001 | RU\NLR\BIBL_A\012094039 | ||
| 005 | 20190920110418.0 | ||
| 021 |
_aRU _bКН-П-19-058913 |
||
| 021 |
_aRU _bКН-П-19-058913 _9КН-П-19-4226 |
||
| 035 | _a(NLR Aleph) 012094039 | ||
| 035 | _a(RuMoRGB)010062134 | ||
| 090 |
_a11869464 _c11869464 |
||
| 100 | _a20190916d2019 k y0rusy50 ca | ||
| 101 | 0 | _arus | |
| 102 | _aRU | ||
| 105 | _aab z 000zy | ||
| 200 | 0 | _a...в 2018 году | |
| 210 | _d2019 | ||
| 215 |
_a239 с. _cтабл., цв. ил. |
||
| 461 | 0 |
_1001RU\NLR\BIBL_A\011734023 _12001#$aДоклад о состоянии окружающей среды на территории Воронежской области...$fПравительство Воронежской области, Департамент природных ресурсов и экологии Воронежской области$v...в 2018 году _911543688 _cТамбов _d2017 _fПравительство Воронежской области, Департамент природных ресурсов и экологии Воронежской области _nТПС _tДоклад о состоянии окружающей среды на территории Воронежской области... _v...в 2018 году |
|
| 852 |
_aNLR _j2018-3/5604 |
||
| 942 | _cBOOK | ||
| 980 | _aNB | ||